| 000 | 00000nam 2200000za 4500 |
| 001 | 9.700225 |
| 003 | CaOODSP |
| 005 | 20210625000735 |
| 007 | cr ||||||||||| |
| 008 | 150407|2013||||xxc|||||o f|0| 0 eng d |
| 040 | |aCaOODSP|beng |
| 043 | |an-cn--- |
| 086 | 1 |aBT66-17/2013E-PDF |
| 245 | 00|aCore control audit of Canada Economic Development for Quebec Regions |h[electronic resource] |
| 260 | |aOttawa - Ontario : |bTreasury Board of Canada Secretariat. |cOctober 2013. |
| 300 | |a5, 10p. |
| 500 | |aAccompanied by Management Action Plan, Economic Development Agency of Canada for the Regions of Quebec (10p.). |
| 590 | |a15-03|b2015-01-16 |
| 690 | 07|aComptrollership|2gcpds |
| 690 | 07|aFederal government|2gcpds |
| 690 | 07|aFinancial management|2gcpds |
| 710 | 1 |aCanada. |bOffice of the Comptroller General. |
| 710 | 1 |aCanada. |bTreasury Board. |
| 775 | 08|tAudit des contrôles de base pour l'Agence de développement économique du Canada pour les régions du Québec |w(CaOODSP)9.644144 |
| 856 | 40|ahttp://publications.gc.ca|qPDF|s188 KB|uhttps://publications.gc.ca/collections/collection_2015/sct-tbs/BT66-17-2013-1-eng.pdf |
| 856 | 40|ahttp://publications.gc.ca|qPDF|s211 KB|uhttps://publications.gc.ca/collections/collection_2015/sct-tbs/BT66-17-2013-eng.pdf |